Russkaja chudožestvennaja bytovaja keramika /

Uložené v:
Podrobná bibliografia
Hlavný autor: Popova, Ol´ga Sergejevna (Author)
Médium: Kniha
Jazyk:Russian
Vydané: Moskva : Koiz, 1959.
Vydanie:1. izd.
ISBN: (brož.)
Fyzický popis: 12, [2] s. : fareb. obr.
Tagy: Pridať tag
Žiadne tagy, Buďte prvý kto otaguje tento záznam!

MARC

LEADER 00000nam a2200000 a 4500
001 000469310
005 20150513171600.0
008 070212s1959 ru e rus d
020 |a (brož.)  |c Kčs 11,00 
040 |a SVKKK  |b slo  |c SVKKK  |e AACR2 
041 0 |a rus 
044 |a ru  |c RU 
100 1 |a Popova, Ol´ga Sergejevna  |4 aut 
245 1 0 |a Russkaja chudožestvennaja bytovaja keramika /  |c O. S. Popova. 
250 |a 1. izd. 
260 |a Moskva :  |b Koiz,  |c 1959. 
300 |a 12, [2] s. :  |b fareb. obr. 
504 |a Bibliografia 
910 |a svkkk 
998 |a BK 
090 |g SCKHL  |k Sklad Pribinova 1. posch.  |a IV.24350  |j 267393  |i 469310-10  |s Prezenčne